Os Vales Férteis (Registo nº 6114)

Detalhes MARC
000 -Etiqueta do registo
Valores 01207nam a2200265 4500
010 ## - Número ISBN
ISBN 9727472206
021 ## - Número do Depósito Legal
Número 90690/95
100 ## - Dados gerais de processamento
Dados gerais 20260122d1995 mdcy0pory5003 ba
200 1# - Titulo e menção de responsabilidade
Título próprio Os Vales Férteis
Primeira menção de responsabilidade dir. J. Carlos Nobre, Augusto Soveral
Outras menções de responsabilidade coord. Moura Pimenta
210 ## - Publicação
Local de publicação Lisboa
Nome do editor Editores Reunidos
Data de publicação 1995
215 ## - Descrição física 
Paginação / Volumes 28 [1] p.
Outras indicações físicas il.
Dimensões 27 cm
225 2# - Colecção 
Título próprio da colecção Era uma vez o homem
Indicação de volume 4
330 ## - Sumário ou Resumo
Texto da nota O clima da Terra estabilizou quase definitivamente. Nos grandes " vales férteis das zonas temperadas, o homem descobre a agricultura: agora pode abandonar a vida nómada e instalar-se nos locais em que a terra pode proporcionar-lhe o necessário à sua subsitência. Ao longo do majestoso Nilo, um povo inteligente e trabalhador dá inicio a uma das primeiras civlizações da história e constrói monumentos que ainda hoje desafiam o tempo.
606 ## - Nome comum usado como assunto
ID Autoridade 3813
Palavra de ordem História Universal
606 ## - Nome comum usado como assunto
ID Autoridade 804
Palavra de ordem Publicação para jovens
675 ## - CDU
Notação 087.5
Edição BN
Língua por
675 ## - CDU
Notação 93/94
Edição BN
Língua por
700 ## - Autor principal (pessoa individual)
Apelido Nobre
Nome J. Carlos
ID Autoridade 5708
701 ## - Co-autor principal (pessoa individual)
Apelido Soveral
Nome Augusto
ID Autoridade 5709
702 ## - Autor secundário (pessoa individual)
Apelido Pimenta
Nome Moura
ID Autoridade 5710
801 #0 - Fonte de origem
País PT
Agência BMVN
Regras de catalogação RPC
830 ## - Notas gerais do catalogador
Criado por Ana Caetano
Data de criação 22/01/2026
990 ## - Elementos KOHA
Tipo de documento Livro
Exemplares
Situação do levantamento Biblioteca de origem Código de barras Cota Permissão de empréstimo Tipo de documento Forma de aquisição
  Biblioteca Escola Nº2 Vendas Novas 100000000052 VT UNI/VAL   Livro  

Powered by Koha